000 01264nam a2200361 c 4500
001 59564
003 CO-BoRNBP
005 20251022203920.0
007 ta
008 231207s2023 ck a|||ar|||| 00||| spa d
020 _a9789585152236
040 _aCO-BoRNBP
_bspa
_erda
_cCO-BoRNBP
041 1 _aspa
_heng
043 _as-ck---
082 0 4 _a790
_bC18g
_222
100 _aCavenaghi, Silvia
_d1953-
_eaut
245 1 3 _aEl gran libro de los deportes /
_cSilvia Cavenaghi, Marina Invernizzi y Camila Pelizzoili ; ilustraciones Luca Poli ; traducción David Paradela.
250 _aEdición especial
264 1 _aBogotá, Colombia :
_bVicens Vives Colombia,
_c2023
300 _a79 páginas :
_bilustraciones a color
336 _atexto
_btxt
_2rdacontent
337 _asin mediación
_bn
_2rdamedia
338 _avolumen
_bnc
_2rdacarrier
500 _aContiene índice
521 _aRecomendado para un público infantil a partir de los 6 años
650 0 7 _aDeportistas
_xLiteratura infantil
_2lemb
_965973
650 0 7 _aLibros ilustrados para niños
_2LEMB
_92001
650 0 7 _aDeportes
_xHistoria
_vManuales, vademécum, etc
_2LEMB
_965974
700 _aInvernizzi, Marina
700 _aParadela, David,
_etrl
700 _aPoli, Luca
942 _2ddc
_cBKINF
999 _c59564
_d59564